| 000 | 00718nam a2200205Ia 4500 | ||
|---|---|---|---|
| 003 | GCL | ||
| 008 | 140319s9999 xx 000 0 ara d | ||
| 020 | _a?544319553 | ||
| 040 |
_aGCL / _cGCL |
||
| 082 | 0 | 4 |
_a307.76 _bا ن |
| 100 | 1 | _aابراهيم البيومى غانم | |
| 245 | 1 | 0 |
_aنظام الوقف والمجتمع المدنى فى الوطن العربى / _cابراهيم البيومى غانم |
| 250 | _aالاولى | ||
| 260 |
_aالقاهرة : _bمركز دراسات الوحدة العربية ، _c2003 |
||
| 300 |
_a926 ص ؛ _c24 سم |
||
| 650 | 0 | 4 | _aالوقف |
| 650 | 0 | 4 | _aالمجتمع المدنى |
| 650 | 0 | 4 | _aالاوقاف - البلدان العربية |
| 942 |
_2ddc _cBK |
||
| 999 |
_c5817 _d5817 |
||